[Event "Oberliga Bayern 1718"]
[Site "Bayern"]
[Date "2018.02.04"]
[Round "6.4"]
[White "Suess, Stefan"]
[Black "Dey, Jan Marten"]
[Result "1/2-1/2"]
[WhiteElo "2031"]
[BlackElo "2233"]
[PlyCount "32"]
[EventDate "2017.10.22"]
[EventType "team-tourn"]
[EventRounds "9"]
[EventCountry "GER"]
[SourceTitle "EXT 2020"]
[Source "ChessBase"]
[SourceDate "2019.10.17"]
[SourceVersion "1"]
[SourceVersionDate "2019.10.17"]
[SourceQuality "1"]
[WhiteTeam "Nuernberg NT II"]
[BlackTeam "Schweinfurt"]
[WhiteTeamCountry "GER"]
[BlackTeamCountry "GER"]

1. Nf3 b5 2. g3 Bb7 3. Bg2 e6 4. d4 Nf6 5. 0-0 c5 6. c3 Qb6 7. Nbd2 cxd4 8. cxd4 Be7 9. Qb3 a5 10. Nc4 Qa6 11. Nce5 0-0 12. Bg5 d6 13. Ng4 Nbd7 14. Rfc1 Rfc8 15. Nxf6+ Nxf6 16. Ne1 Bxg2 1/2-1/2

[Event "Oberliga Bayern 1718"]
[Site "Bayern"]
[Date "2017.11.12"]
[Round "2.3"]
[White "Suess, Stefan"]
[Black "Unzicker, Ferdinand"]
[Result "0-1"]
[WhiteElo "2031"]
[BlackElo "2312"]
[PlyCount "94"]
[EventDate "2017.10.22"]
[EventType "team-tourn"]
[EventRounds "9"]
[EventCountry "GER"]
[SourceTitle "EXT 2020"]
[Source "ChessBase"]
[SourceDate "2019.10.17"]
[SourceVersion "1"]
[SourceVersionDate "2019.10.17"]
[SourceQuality "1"]
[WhiteTeam "Nuernberg NT II"]
[BlackTeam "Bayern Muenchen II"]
[WhiteTeamCountry "GER"]
[BlackTeamCountry "GER"]

1. e4 c5 2. Nf3 Nc6 3. d4 cxd4 4. Nxd4 Nf6 5. Nc3 d6 6. Be2 e5 7. Nf3 h6 8. 0-0 Be7 9. Re1 0-0 10. h3 Be6 11. Bf1 Qd7 12. Nd5 Bd8 13. c4 Nh7 14. b3 Ng5 15. Nxg5 hxg5 16. Ne3 Ba5 17. Bd2 Bb6 18. Nc2 f6 19. Be3 Bc7 20. Be2 g6 21. Bf3 Kg7 22. g4 Ba5 23. Rf1 a6 24. Qe2 Qf7 25. Rad1 Rad8 26. Kg2 Rh8 27. Rh1 Rh4 28. Rdg1 Rdh8 29. Qd1 Bc7 30. Bc1 Qg8 31. Kg3 Nd8 32. Ne3 Nf7 33. Ng2 R4h6 34. h4 gxh4+ 35. Nxh4 R6h7 36. Ng2 f5 37. exf5 gxf5 38. Ne1 e4 39. Bg2 d5+ 40. Bf4 Bxf4+ 41. Kxf4 Qb8+ 42. Ke3 f4+ 43. Kd2 f3 44. Rxh7+ Rxh7 45. Qa1+ Kg8 46. cxd5 Qf4+ 47. Kd1 Bxd5 0-1

[Event "Nuremberg Zabo op 19th"]
[Site "Nuremberg"]
[Date "2017.09.17"]
[Round "4"]
[White "Lehmann, Tornalf"]
[Black "Suess, Stefan"]
[Result "0-1"]
[WhiteElo "1551"]
[BlackElo "2030"]
[PlyCount "94"]
[EventDate "2017.09.15"]
[EventType "swiss"]
[EventRounds "5"]
[EventCountry "GER"]
[SourceTitle "EXT 2022"]
[Source "ChessBase"]
[SourceDate "2021.10.06"]
[SourceVersion "1"]
[SourceVersionDate "2021.10.06"]
[SourceQuality "1"]

1. e4 c5 2. d4 cxd4 3. c3 d3 4. Bxd3 d6 5. Nf3 e6 6. 0-0 Nd7 7. Bb5 a6 8. Qa4 Rb8 9. Bd3 b5 10. Qc2 Qc7 11. Bf4 Ngf6 12. h3 Bb7 13. Nbd2 e5 14. Bh2 Be7 15. Rfe1 0-0 16. Nf1 Rfc8 17. Ng3 Nc5 18. Rad1 g6 19. Qd2 Nxd3 20. Qxd3 Qc4 21. a3 a5 22. Qe3 b4 23. axb4 axb4 24. cxb4 Qxb4 25. b3 Ba6 26. Qa7 Qb7 27. Qxb7 Rxb7 28. Nd2 Rc2 29. Ngf1 Nd7 30. Ne3 Rc6 31. Nd5 Bg5 32. f4 Bd8 33. b4 Rc2 34. Ra1 Bb6+ 35. Kh1 Bd3 36. Nxb6 Nxb6 37. fxe5 Rxd2 38. exd6 Nd7 39. Ra8+ Kg7 40. Rd8 Bc4 41. e5 Be6 42. Rc1 Rxb4 43. Bg3 Rbb2 44. Rcc8 Rd1+ 45. Kh2 Bd5 46. Rg8+ Kh6 47. Bf4+ Kh5 0-1

[Event "Oberliga Bayern 1617"]
[Site "Bayern"]
[Date "2017.02.05"]
[Round "5.8"]
[White "Suess, Stefan"]
[Black "Lukas, Norbert"]
[Result "1-0"]
[WhiteElo "2019"]
[BlackElo "1924"]
[PlyCount "73"]
[EventDate "2016.10.16"]
[EventType "team-tourn"]
[EventRounds "9"]
[EventCountry "GER"]
[SourceTitle "EXT 2019"]
[Source "ChessBase"]
[SourceDate "2018.10.10"]
[SourceVersion "1"]
[SourceVersionDate "2018.10.10"]
[SourceQuality "1"]
[WhiteTeam "Nuernberg NT"]
[BlackTeam "Schweinfurt"]
[WhiteTeamCountry "GER"]
[BlackTeamCountry "GER"]

1. Nf3 d5 2. g3 Nf6 3. Bg2 g6 4. 0-0 Bg7 5. d4 0-0 6. b3 c6 7. Bb2 Re8 8. Nbd2 Bf5 9. Nh4 Qc8 10. Nxf5 Qxf5 11. f3 Qh5 12. e4 dxe4 13. Nxe4 Nxe4 14. fxe4 Qxd1 15. Raxd1 Na6 16. Ba3 Rad8 17. c3 Rd7 18. Rd3 Red8 19. Bh3 e6 20. Bg2 Nc7 21. Rfd1 f5 22. exf5 gxf5 23. Bh3 h5 24. Re1 Kf7 25. Rf3 Nd5 26. Rxe6 Nxc3 27. Bxf5 Rxd4 28. Re7+ Kg8 29. Be6+ Kh8 30. Rf5 Rd1+ 31. Kg2 R8d2+ 32. Kh3 Kh7 33. Rg5 Kh6 34. Rexg7 Ne4 35. R7g6+ Kh7 36. Bg8+ Kh8 37. Rh6# 1-0

[Event "Mittelfranken-ch HT"]
[Site "Nuremberg"]
[Date "2016.03.25"]
[Round "7"]
[White "Fuchs, Gerhard"]
[Black "Suess, Stefan"]
[Result "0-1"]
[WhiteElo "1997"]
[BlackElo "2023"]
[PlyCount "72"]
[EventDate "2016.03.22"]
[EventType "swiss"]
[EventRounds "9"]
[EventCountry "GER"]
[SourceTitle "EXT 2018"]
[Source "ChessBase"]
[SourceDate "2017.10.13"]
[SourceVersion "1"]
[SourceVersionDate "2017.10.13"]
[SourceQuality "1"]

1. d4 Nf6 2. Bg5 e6 3. e4 d6 4. Bd3 Be7 5. Nf3 Nbd7 6. c4 e5 7. 0-0 0-0 8. Nc3 c6 9. Qc2 Qc7 10. h3 Re8 11. d5 c5 12. a3 Nf8 13. b4 b6 14. Rab1 Ng6 15. Qd2 Nh5 16. Rfc1 h6 17. Be3 Ngf4 18. Bf1 f5 19. exf5 Bxf5 20. g4 Bxb1 21. Rxb1 Nf6 22. Bxf4 exf4 23. Qxf4 Rf8 24. Qf5 Qd7 25. Bd3 Qxf5 26. Bxf5 g6 27. Be6+ Kg7 28. bxc5 dxc5 29. Ne5 Ne8 30. Re1 Bh4 31. Ne4 Nf6 32. Nd3 Nxe4 33. Rxe4 Rf3 34. Re3 Bxf2+ 35. Nxf2 Rxe3 36. a4 Rf8 0-1

[Event "Mittelfranken-ch HT"]
[Site "Nuremberg"]
[Date "2016.03.24"]
[Round "5"]
[White "Suess, Stefan"]
[Black "Boehme, Markus"]
[Result "1-0"]
[WhiteElo "2023"]
[BlackElo "1937"]
[PlyCount "47"]
[EventDate "2016.03.22"]
[EventType "swiss"]
[EventRounds "9"]
[EventCountry "GER"]
[SourceTitle "EXT 2018"]
[Source "ChessBase"]
[SourceDate "2017.10.13"]
[SourceVersion "1"]
[SourceVersionDate "2017.10.13"]
[SourceQuality "1"]

1. e4 e6 2. d4 d5 3. Nc3 Nf6 4. Bd3 c5 5. exd5 Nxd5 6. Nf3 Nc6 7. Nxd5 Qxd5 8. dxc5 Bxc5 9. 0-0 0-0 10. Bf4 Nb4 11. Be2 b6 12. a3 Qxd1 13. Rfxd1 Nd5 14. Bg3 Bb7 15. Ne5 Nf6 16. Nd7 Nxd7 17. Rxd7 Bc6 18. Rc7 Rfc8 19. Rxc6 Rxc6 20. Bf3 Rcc8 21. Bxa8 Rxa8 22. Rd1 Kf8 23. Kf1 Ke7 24. b4 1-0

[Event "Mittelfranken Mitte-ch"]
[Site "Zirndorf"]
[Date "2016.01.03"]
[Round "3"]
[White "Suess, Stefan"]
[Black "Wirth, Karl Heinz"]
[Result "1-0"]
[WhiteElo "2002"]
[BlackElo "1758"]
[PlyCount "59"]
[EventDate "2016.01.03"]
[EventType "swiss"]
[EventRounds "7"]
[EventCountry "GER"]
[SourceTitle "EXT 2018"]
[Source "ChessBase"]
[SourceDate "2017.10.13"]
[SourceVersion "1"]
[SourceVersionDate "2017.10.13"]
[SourceQuality "1"]

1. Nf3 d5 2. c4 Nf6 3. b3 g6 4. Bb2 Bg7 5. g3 0-0 6. Bg2 c5 7. cxd5 Nxd5 8. Bxg7 Kxg7 9. 0-0 Nc6 10. Qc1 Qd6 11. Nc3 Nxc3 12. Qxc3+ Kg8 13. Rac1 b6 14. d4 Nxd4 15. Nxd4 cxd4 16. Qc7 Rb8 17. Qxd6 exd6 18. Rfd1 Ba6 19. Bf3 Rbc8 20. Rxc8 Rxc8 21. Rxd4 Rc1+ 22. Kg2 Rc2 23. Ra4 Bxe2 24. Rxa7 Kg7 25. Bxe2 Rxe2 26. Ra6 d5 27. a4 d4 28. Rxb6 Rb2 29. Kf3 d3 30. a5 1-0

[Event "Landesliga Nord 1516"]
[Site "Bayern"]
[Date "2015.12.13"]
[Round "4.6"]
[White "Herrmann, Jens"]
[Black "Suess, Stefan"]
[Result "1/2-1/2"]
[WhiteElo "2008"]
[BlackElo "2047"]
[PlyCount "87"]
[EventDate "2015.10.11"]
[EventType "team-tourn"]
[EventRounds "9"]
[EventCountry "GER"]
[SourceTitle "EXT 2018"]
[Source "ChessBase"]
[SourceDate "2017.10.13"]
[SourceVersion "1"]
[SourceVersionDate "2017.10.13"]
[SourceQuality "1"]
[WhiteTeam "Forchheim II"]
[BlackTeam "Nuernberg NT II"]
[WhiteTeamCountry "GER"]
[BlackTeamCountry "GER"]

1. b4 Nf6 2. Bb2 e6 3. b5 d5 4. Nf3 a6 5. a4 axb5 6. axb5 Rxa1 7. Bxa1 Nbd7 8. e3 Bd6 9. c4 c6 10. Nc3 0-0 11. Be2 Ne4 12. 0-0 f5 13. bxc6 bxc6 14. cxd5 cxd5 15. Nb5 Bb8 16. Nbd4 Qb6 17. Qc2 Ne5 18. Rb1 Qd6 19. Nxe5 Qxe5 20. Nf3 Qc7 21. Qb2 Ba7 22. Rc1 Qe7 23. Qa2 Bb8 24. Qa5 f4 25. exf4 Bxf4 26. Bd4 Kh8 27. Be3 Bd6 28. d3 Nf6 29. d4 Ng4 30. Qd2 Nxe3 31. fxe3 Bd7 32. Bd3 Qf6 33. Rf1 Qe7 34. e4 Bf4 35. Qe2 Qd6 36. e5 Qe7 37. g3 Bh6 38. h4 Be8 39. Kg2 Bh5 40. Qc2 Bxf3+ 41. Rxf3 Rxf3 42. Kxf3 Qf7+ 43. Kg2 g6 44. Qf2 1/2-1/2

[Event "Mittelfranken-chTB1 1415"]
[Site "Mittelfranken"]
[Date "2014.11.16"]
[Round "3.1"]
[White "Fuchs, Gerhard"]
[Black "Suess, Stefan"]
[Result "1-0"]
[WhiteElo "2034"]
[BlackElo "2047"]
[PlyCount "65"]
[EventDate "2014.09.29"]
[EventType "team-tourn"]
[EventRounds "9"]
[EventCountry "GER"]
[SourceTitle "EXT 2020"]
[Source "ChessBase"]
[SourceDate "2019.10.17"]
[SourceVersion "1"]
[SourceVersionDate "2019.10.17"]
[SourceQuality "1"]
[WhiteTeam "Nuernberg SK 1911"]
[BlackTeam "Nuernberg NT III"]
[WhiteTeamCountry "GER"]
[BlackTeamCountry "GER"]

1. d4 Nf6 2. Nf3 e6 3. Bf4 b6 4. e3 Be7 5. Bd3 Bb7 6. 0-0 Nh5 7. Ne5 Nxf4 8. exf4 d6 9. Ng4 Nd7 10. f5 exf5 11. Bxf5 0-0 12. Nc3 Nf6 13. Ne3 g6 14. Bd3 Re8 15. Qd2 Bf8 16. Rae1 Bh6 17. f4 Qd7 18. d5 a6 19. Qf2 c5 20. Nc4 Qc7 21. f5 Nxd5 22. Ne4 Bg7 23. c3 Rxe4 24. Bxe4 b5 25. Nd2 b4 26. Qf3 bxc3 27. bxc3 Bxc3 28. Bxd5 Bxd2 29. Bxb7 Rb8 30. fxg6 hxg6 31. Rb1 c4 32. Bd5 Rxb1 33. Bxf7+ 1-0

[Event "Forchheim op-A 13th"]
[Site "Forchheim"]
[Date "2014.10.04"]
[Round "4"]
[White "Suess, Stefan"]
[Black "Walter, Florian"]
[Result "1/2-1/2"]
[WhiteElo "1966"]
[BlackElo "2122"]
[PlyCount "100"]
[EventDate "2014.10.03"]
[EventType "swiss"]
[EventRounds "5"]
[EventCountry "GER"]
[SourceTitle "EXT 2019"]
[Source "ChessBase"]
[SourceDate "2018.10.10"]
[SourceVersion "1"]
[SourceVersionDate "2018.10.10"]
[SourceQuality "1"]

1. e4 c5 2. Nf3 Nc6 3. d4 cxd4 4. Nxd4 g6 5. Be3 Bg7 6. c4 Nf6 7. Nc3 Nxd4 8. Bxd4 0-0 9. Be2 d6 10. 0-0 Bd7 11. f3 a5 12. Nd5 Nxd5 13. cxd5 Qb8 14. Bxg7 Kxg7 15. Qd4+ Kg8 16. Rfc1 b5 17. Rc2 Rc8 18. Rac1 Qb7 19. Kf2 b4 20. Rxc8+ Rxc8 21. Rxc8+ Bxc8 22. Bc4 Qc7 23. Ke2 Bd7 24. Kd2 f6 25. Bd3 Kg7 26. Bc4 h5 27. b3 g5 28. Qe3 Kg6 29. f4 gxf4 30. Qxf4 Qc5 31. Qg3+ Kh6 32. Qf4+ Kg6 33. Qg3+ Kf7 34. Qe3 Qxe3+ 35. Kxe3 f5 36. Bd3 fxe4 37. Kxe4 Kf6 38. Kf4 e6 39. dxe6 Bxe6 40. h4 Bg4 41. g3 Bd1 42. Bf5 d5 43. g4 hxg4 44. Bxg4 Bc2 45. Bf3 Bb1 46. Bxd5 Bxa2 47. Ke4 a4 48. bxa4 Bxd5+ 49. Kd4 Ke6 50. h5 Kd6 1/2-1/2

[Event "Nuremberg Zabo op 16th"]
[Site "Nuremberg"]
[Date "2014.09.20"]
[Round "3"]
[White "Suess, Stefan"]
[Black "Haag, Wolfgang"]
[Result "1/2-1/2"]
[WhiteElo "1998"]
[BlackElo "2188"]
[PlyCount "81"]
[EventDate "2014.09.19"]
[EventType "swiss"]
[EventRounds "5"]
[EventCountry "GER"]
[SourceTitle "EXT 2018"]
[Source "ChessBase"]
[SourceDate "2017.10.13"]
[SourceVersion "1"]
[SourceVersionDate "2017.10.13"]
[SourceQuality "1"]

1. e4 d5 2. exd5 Qxd5 3. Nc3 Qd8 4. Bc4 Nf6 5. d4 c6 6. Nf3 Bf5 7. Ne5 e6 8. g4 Bg6 9. h4 Bb4 10. h5 Be4 11. f3 Bd5 12. g5 Nfd7 13. Bxd5 cxd5 14. Nd3 Bxc3+ 15. bxc3 Qc7 16. Bd2 Nc6 17. Qe2 0-0-0 18. h6 gxh6 19. Rxh6 e5 20. Nb4 Nxb4 21. cxb4 exd4 22. 0-0-0 Qc4 23. Qxc4+ dxc4 24. Bf4 Nf8 25. Be5 Rg8 26. Bf6 Rd7 27. f4 d3 28. cxd3 cxd3 29. Kd2 Rg6 30. Rc1+ Rc7 31. Rxc7+ Kxc7 32. Rh3 Kc6 33. Kxd3 Kd5 34. Re3 Nd7 35. Bd4 h6 36. Re7 Kd6 37. Rxf7 hxg5 38. fxg5 Rxg5 39. Rg7 Rxg7 40. Bxg7 Kd5 41. Bd4 1/2-1/2